000 01006nam a22002897a 4500
001 5746
003 FISKH
005 20250117105933.0
008 250117b cb ||||| |||| 00| 0 eng d
020 _a9780064440424
040 _aFISKH
_beng
_cFISKH
_dFISKH
050 _aPZ7.M75
082 _a973.7115
100 _aMonjo, F. N.
245 _aThe drinking gourd :
_bA story of the underground railroad /
_cby F. N. Monjo ; Pictures by Fred Brenner
260 _aNew York ;
_bHarper Collins,
_c1997.
300 _a62 pages :
_bcolor illustrations ;
_c23 cm
490 _aI Can Read!
_vReading Alone 3
505 _aM
520 _aWhen he is sent home alone for misbehaving in church, Tommy discovers that his house is a station on the underground railroad.
521 8 _a560
_bLexile
521 8 _aM
_bRaz-Plus
650 _aAmerican History
_vHistorical Fiction
_xUnderground Railroad
700 _aBrenner, Fred
_eillustrator
942 _2ddc
_cBK
_n0
999 _c5746
_d5746